书目信息 |
| 题名: |
中国话剧百年典藏
|
|
| 作者: | 傅谨 主编 ;王桂妹 卷主编 | |
| 分册: | 2 理论卷 | |
| 出版信息: | 北京 人民文学出版社 2017 |
|
| 页数: | 346页 | |
| 开本: | 22cm | |
| 丛书名: | ||
| 单 册: | ||
| 中图分类: | J824 | |
| 科图分类: | ||
| 主题词: | 话剧--戏剧史--中国--20世纪 , 话剧--戏剧理论--中国 | |
| 电子资源: | ||
| ISBN: | 978-7-02-010594-6 | |
| 000 | 00931nam0 2200253 450 | |
| 001 | 922 | |
| 005 | 20180524100944.14 | |
| 010 | @a978-7-02-010594-6@dCNY32.00 | |
| 100 | @a20170802d2017 em y0chiy50 ea | |
| 101 | 0 | @achi |
| 102 | @aCN@b110000 | |
| 105 | @ay z 000yy | |
| 200 | 1 | @a中国话剧百年典藏@9zhong guo hua ju bai nian dian cang@i理论卷@h2@e1929~1949@f傅瑾主编@g王桂妹卷主编 |
| 210 | @a北京@c人民文学出版社@d2017 | |
| 215 | @a346页@d22cm | |
| 300 | @a“十二五”国家重点图书出版规划项目 中国出版集团重点扶持项目 | |
| 330 | @a本书是我国话剧百年发展历史的纵向呈现,也是话剧创作成果和理论积累的集中展示,本书收录了1929-1949年的中国话剧理论与资料汇编。 | |
| 606 | 0 | @a话剧@x戏剧史@y中国@z20世纪 |
| 606 | 0 | @a话剧@x戏剧理论@y中国 |
| 690 | @aJ824@v5 | |
| 701 | 0 | @a傅谨@9fu jin@f(1956~)@4主编 |
| 702 | 0 | @a王桂妹@9wang gui mei@c(女,@f1970~)@4卷主编 |
| 801 | 0 | @aCN@b91MARC@c20170802 |
| 905 | @aMuseLib@dJ824@e178:2 | |
| 中国话剧百年典藏.理论卷.2:1929~1949/傅瑾主编/王桂妹卷主编.-北京:人民文学出版社,2017 |
| 346页;22cm |
| “十二五”国家重点图书出版规划项目 中国出版集团重点扶持项目 |
| ISBN 978-7-02-010594-6:CNY32.00 |
| 本书是我国话剧百年发展历史的纵向呈现,也是话剧创作成果和理论积累的集中展示,本书收录了1929-1949年的中国话剧理论与资料汇编。 |
| ● |
| 相关链接 |
|
|
|
|
正题名:中国话剧百年典藏
索取号:J824/178:2
 
预约/预借
| 序号 | 登录号 | 条形码 | 馆藏地/架位号 | 状态 | 备注 |
| 1 | 1103424 | 211034245 | 第一样本阅览室/ [索取号:J824/178:2] | 在馆 | |
| 2 | 1103425 | 211034254 | 教育系资料室/ [索取号:J824/178:2] | 在馆 | |
| 3 | 1103426 | 211034263 | 教育系资料室/ [索取号:J824/178:2] | 在馆 | |
| 4 | 1103427 | 211034272 | 教育系资料室/ [索取号:J824/178:2] | 在馆 | |
| 5 | 1103428 | 211034281 | 第一借阅区/ [索取号:J824/178:2] | 在馆 | |
| 6 | 1103429 | 211034290 | 第一借阅区/ [索取号:J824/178:2] | 在馆 |